| 000 | 00703nam a2200229 4500 | ||
|---|---|---|---|
| 003 | OSt | ||
| 005 | 20240629034857.0 | ||
| 006 | a | ||
| 008 | 240629b |||||||| |||| 00| 0 eng d | ||
| 020 | _a9780470778074 | ||
| 040 |
_aDWCL-Main lib. _cOC |
||
| 082 | _aCirc. 577 H361b 2011 | ||
| 100 | _aHatcher, Paul | ||
| 245 | _aBiological diversity: exploiters and exploited / | ||
| 260 |
_aWest Sussex, UK : _bWiley-Blackwell, _cc2011. |
||
| 300 |
_aviii, _b427 p. : ill. (some col.) ; _c26 cm. |
||
| 504 | _aIncludes index. | ||
| 650 | _a1. Biodiversity. | ||
| 650 | _a2. Nature-Effect of human beings on. | ||
| 650 | _a3. Human beings-Effect of environment on. | ||
| 942 |
_2ddc _n0 _cBK-CIRC _kCirc. |
||
| 999 |
_c1656 _d1656 |
||